000 00500nam a2200157 i 4500
001 147218
003 ES-MaACL
005 20230906201903.0
007 t|
008 070924s1960 ag ||||1| spa d
100 1 _aTys-Krojmaluk, Jorge.
_9111811
245 1 3 _aLa batalla de Poltava
_b: (7 de Julio de 1709) /
_cJorge Tys-Krojmaluk.
260 _aBuenos Aires :
_bInstituto Informativo Editorial Ucraniano,
_c[1960]
300 _a23 p. :
_bil. ;
_c23 cm.
852 _aES-MaACL
_j2021-F-23
_bR.47178
999 _c147218
_d147218